000 00449nam a2200169Ia 4500
003 GCL
008 140319s9999 xx 000 0 ara d
040 _aGCL /
_cGCL
082 0 4 _a272.21
_bف ا
100 1 _aفايز فارس
245 1 0 _aالهى.. ماأعظمك /
_cفايز فارس
260 _a[S.N] :
_bدار الثقافة المسيحية ،
_c1986
300 _a192
490 _a
650 0 4 _aالالوهية
942 _2ddc
_cBK
999 _c52866
_d52866